000 01208nam a22002297a 4500
003 NALT
005 20211001122311.0
008 s2546 th tha d
040 _aNALT
041 _atha
090 _aว TK5105 ด933ก 2546
100 0 _aเดือนเด่น นิคมบริรักษ์
245 1 0 _aการป้องกันการผูกขาดในตลาดโทรคมนาคม (การวิจัยในโครงการ "แนวทางการปฏิรูประบบโทรคมนาคมของประเทศไทย") /
_cเดือนเด่น นิคมบริรักษ์
260 3 _aกรุงเทพฯ :
_bสำนักงานกองทุนสนับสนุนการวิจัย,
_c2546
300 _a45 หน้า :
_b ตาราง ;
_c 29 ซม.
650 0 4 _aโทรคมนาคม -- วิจัย
650 0 4 _aกิจการโทรคมนาคม -- การป้องกันการผูกขาด
650 0 4 _aโทรคมนาคม -- ไทย
850 _aNALT
942 _cRSH
_2lcc
998 _bBENJALUCK
_j109
_k อารีรัตน์ วิชาช่าง
999 _c31165
_d31165